000
00226nam a2200097Ia 4500
008
190216s9999||||xx |||||||||||||| ||und||
100
_a
Benchamin Baily
245
0
_a
Malayalam English Dictionary
260
_b
Null
942
_c
REF
999
_c
35291
_d
35291